00629nam a22001697a 4500003000400000008004100004020001800045082001300063100002300076245005700099260004100156300001400197650001900211942001300230999001700243952019900260OSt240702b |||||||| |||| 00| 0 eng d a9780143424871 a658bPAF aPARMESWWARAN, Ambi aFor God's Sake: an adman on the business of religion aIndia:bPenguin Random House,c2014. axiv,257p. aGeneral Books  2ddccREF c12778d12778 00102ddc40708GENERALaPIETbPIETd2024-06-18eZafaa Books and DistributorsfIn rupeesg399.00kZBD0077l1o658 PAFp37670q2025-01-28r2024-07-12 00:00:00s2024-07-12v259.35w2024-06-18yBK